Normal view
MARC view
Entry Personal Name
001 - CONTROL NUMBER
- control field: 51645
003 - CONTROL NUMBER IDENTIFIER
- control field: ARRUPE
005 - DATE AND TIME OF LATEST TRANSACTION
- control field: 20220518104008.0
008 - FIXED-LENGTH DATA ELEMENTS
- fixed length control field: 220518|| aca||aabn | a|a d
040 ## - CATALOGING SOURCE
- Original cataloging agency: ARRUPE
- Transcribing agency: ARRUPE
100 ## - HEADING--PERSONAL NAME
- Personal name: Redman L. Charles
670 ## - SOURCE DATA FOUND
- Source citation: Work cat.: (ARRUPE)131452: Redman L. Charles, Research and theory in current archeology,, 1973.